Fifty years of India's independence and the North-East (Record no. 36913)

000 -LEADER
fixed length control field 00350pab a2200145 454500
008 - FIXED-LENGTH DATA ELEMENTS--GENERAL INFORMATION
fixed length control field 180718b1998 xxu||||| |||| 00| 0 eng d
100 ## - MAIN ENTRY--PERSONAL NAME
Personal name Puri, Harish K.
245 ## - TITLE STATEMENT
Title Fifty years of India's independence and the North-East
260 ## - PUBLICATION, DISTRIBUTION, ETC.
Date of publication, distribution, etc. 1998
300 ## - PHYSICAL DESCRIPTION
Extent p.13-19
362 ## - DATES OF PUBLICATION AND/OR SEQUENTIAL DESIGNATION
Dates of publication and/or sequential designation 7 Mar
650 ## - SUBJECT ADDED ENTRY--TOPICAL TERM
Topical term or geographic name entry element History
773 ## - HOST ITEM ENTRY
Main entry heading Mainstream
909 ## -
-- 36913
Holdings
Withdrawn status Lost status Damaged status Not for loan Permanent Location Current Location Date acquired Serial Enumeration / chronology Barcode Date last seen Price effective from Koha item type
        Indian Institute of Public Administration Indian Institute of Public Administration 2018-07-19 Volume no: 36, Issue no: 11 AR37238 2018-07-19 2018-07-19 Articles

Powered by Koha